[Event "36th Zalakaros Festival 2017"]
[Site "Zalakaros"]
[Date "2017.05.21"]
[Round "4"]
[White "Shyam, Sundar M"]
[Black "Li, Bo"]
[Result "1-0"]
[WhiteElo "2535"]
[BlackElo "2359"]
[Annotator "TA"]
[PlyCount "147"]
[EventDate "2017.??.??"]
[EventType "swiss"]
[EventCountry "HUN"]
[SourceTitle "playchess.com"]
[Source "ChessBase"]
[SourceQuality "1"]

{[%evp 22,146,22,25,41,26,48,55,55,45,29,44,89,95,88,96,80,91,112,106,105,136,130,122,305,283,261,224,297,181,242,58,74,64,133,112,279,270,282,285,271,269,256,243,233,245,438,436,391,397,508,500,399,322,427,418,370,377,320,0,537,535,518,511,685,693,625,625,872,868,3346,2490,12835,10129,12837,12837,12837,12838,12838,12839,12839,12839,12840,12840,12841,12841,12841,12840,12841,12843,12844,12844,12842,12845,12847,12847,12848,12849,12850,12851,12851,29983,29991,29992,29992,29990,29990,29991,29991,29992,29992,29993,29993,29994,29994,29994,29994,29995,29995,29996,29996,29997,29997,29998,29998,29999,29999]} 1. e4 c5 2. Nf3 d6 3. d4 cxd4 4. Nxd4 Nf6 5. Nc3 a6 6. Be3 Ng4 7. Bc1 Nf6 8. h3 e5 9. Nde2 b5 10. g4 {B90: Sicilian Najdorf: Unusual White 6th moves, 6 Be3 Ng4 and 6 Be3 e5} (10. Ng3 Qc7 11. Bd3 Be6 12. O-O Nbd7 13. f4 Be7 14. Qf3 O-O 15. Kh1 Qc6 16. f5 Bc4 17. Bg5 Rac8 {1-0 (41) Ragger,M (2697)-Xiong,J (2667) Wijk aan Zee 2017}) 10... Bb7 11. Bg2 b4 12. Nd5 {LiveBook: 17 Games. The position is equal.} Nbd7 13. O-O Nxd5 14. exd5 Be7 15. Bd2 $146 ({Predecessor:} 15. Ng3 g6 16. Bh6 Bf8 17. Bxf8 Kxf8 {½-½ (53) Khakimov,T (2310)-Nozdrin,A (2413) Ufa 2008}) 15... a5 16. a3 Nb6 17. axb4 axb4 18. Bxb4 Rxa1 19. Qxa1 Bxd5 20. Bxd5 Nxd5 21. Qa4+ Kf8 22. Bd2 $1 {Strongly threatening Qc6.} f5 $2 (22... Qe8 $16 {is a better defense.} 23. Qb3 Nc7) 23. Ra1 $18 ({Don't take} 23. gxf5 $6 Nf6 $16) 23... Nf6 24. Ng3 ({But not} 24. gxf5 $6 Kf7 $16) 24... f4 25. Ne4 Qc8 (25... Qe8 $142) 26. Nxf6 $2 (26. Qb3 $18 Nxe4 27. Qd5 Nxd2 28. Ra8) 26... gxf6 $14 27. Qe4 $1 {aiming for Ra8.} Kf7 (27... Qd7 $1 $14) 28. Ra7 $16 h5 $2 (28... Qe6 $16) 29. Bb4 $18 {Bxd6 is the strong threat.} Qe6 30. Qd3 $1 hxg4 31. Qxd6 $1 Qxd6 32. Bxd6 Ke6 33. Bxe7 gxh3 $2 {[%mdl 4096] Endgame KRB-KR} (33... Rxh3 34. Bd8 g3 35. Ra6+ Kf5 36. Rxf6+ Ke4 37. fxg3 Rxg3+ 38. Kf2 Kd5) 34. c4 Rg8+ 35. Kh1 e4 36. Bc5 Kf5 37. Rh7 Kg4 38. Kh2 Rd8 {[#] If only Black now had time for ...Rd2....} 39. Rg7+ $1 Kf3 40. Rf7 $2 (40. Rg6 $18) 40... Rc8 $2 {[%mdl 8192]} (40... e3 $1 $11) 41. b4 {[%cal Bb2b4,Bb4b5,Bb5b6][%mdl 32]} Rc6 42. Re7 Rc8 43. Re6 f5 44. Re5 Kg4 45. b5 e3 46. Bxe3 fxe3 47. Rxe3 Rxc4 {KR-KR} 48. Rg3+ Kf4 {[#]} 49. Rb3 $1 Rc7 50. b6 Rb7 51. Kxh3 Rh7+ 52. Kg2 Rg7+ 53. Kf1 Rb7 54. Rb5 Kg4 55. Kg2 Kf4 56. Rb4+ Ke5 57. Kf3 Kd5 58. Kf4 Kc5 59. Rb2 Kc6 60. Kxf5 Rf7+ 61. Ke6 Rxf2 {White mates.} 62. Rxf2 Kxb6 {KR-K} 63. Rc2 Kb5 64. Kd5 Kb4 65. Rc8 Kb3 66. Kd4 Kb2 67. Kd3 Kb3 68. Rb8+ Ka4 69. Kc4 {[%cal Rb8a8]} Ka5 70. Rb1 Ka6 71. Kc5 Ka7 72. Kc6 Ka8 73. Kc7 {[%cal Rb1a1]} Ka7 74. Ra1# {Precision: White = 81%, Black = 38%.} 1-0

[Event "36th Zalakaros Festival 2017"]
[Site "Zalakaros"]
[Date "2017.05.21"]
[Round "4"]
[White "Mihok, Oliver"]
[Black "Plenca, Jadranko"]
[Result "1-0"]
[WhiteElo "2532"]
[BlackElo "2446"]
[Annotator "TA"]
[PlyCount "77"]
[EventDate "2017.??.??"]
[EventType "swiss"]
[EventCountry "HUN"]
[SourceTitle "playchess.com"]
[Source "ChessBase"]
[SourceQuality "1"]

{[%evp 21,77,23,21,21,23,14,17,19,19,12,7,0,7,0,0,0,12,-39,-37,-38,-29,-58,-44,-95,-102,-107,-102,-160,-72,-67,-89,-118,-61,-228,-247,-203,-112,-136,0,-321,-305,-242,-201,-193,-68,-692,-740,-673,-439,-412,0,0,826,741,29990,29991,29991,29992]} 1. e4 e5 2. Nf3 Nc6 3. Bb5 {[%cal Bf1b5,Bb5a4,Ba4b3][%mdl 32]} a6 4. Ba4 Nf6 5. O-O Be7 6. Re1 b5 7. Bb3 O-O 8. h3 d6 9. c3 Nb8 10. d4 Nbd7 11. Nbd2 {[%cal Bb1d2,Bd2f1,Bf1g3][%mdl 32]} c5 12. Nf1 {C95: Closed Ruy Lopez: Breyer Variation with 10 d4} Bb7 (12... Re8 13. Ng3 Bf8 14. Nf5 exd4 15. cxd4 Bb7 16. e5 dxe5 17. dxe5 Bxf3 18. Qxf3 Nxe5 19. Rxe5 Rxe5 {½-½ (37) Navara,D (2737)-Ponomariov,R (2709) Czech Republic 2017}) 13. d5 c4 14. Bc2 {The position is equal.} Qc7 15. Ng3 g6 16. Bh6 Rfb8 17. Qd2 a5 18. Nh2 b4 {[#]} 19. h4 $146 (19. Nf5 $11 Bd8 20. Ng3 (20. cxb4 axb4 21. Ne3 c3 $17)) ({Predecessor:} 19. Nf5 Bd8 20. Ne3 Ba6 21. Neg4 {½-½ (30) Keuter,K (2505)-Ruemmele,M (2554) ICCF email 2010}) 19... Nc5 $15 20. h5 Ba6 21. hxg6 fxg6 22. f4 (22. Rec1 $15) 22... bxc3 $17 23. bxc3 Rb2 $1 24. f5 {[#]} (24. fxe5 $142 dxe5 25. Qc1) 24... Bd8 (24... Nb3 $142 $1 {[%cal Rb3d2][%mdl 512]} 25. axb3 cxb3) 25. Qc1 Rab8 {Hoping for ...Nd3.} 26. Re2 a4 (26... Bc8 $1 $17 27. Qe3 Qf7) 27. fxg6 $2 ({White should try} 27. Qe3 $15) 27... hxg6 $19 28. Qg5 Qf7 $36 {[%mdl 2048] Black is on the roll.} (28... Qh7 $1 $19 29. Rf1 Nfd7) 29. Rf1 $17 {intending Ref2.} Nd3 (29... Rxa2 $17 {Threatens to win with ...a3.} 30. Ref2 Ncd7) 30. Qh4 $2 {[%mdl 8192]} (30. Bxd3 $1 $11 cxd3 31. Rxb2 Rxb2 32. Ng4) 30... Nh5 $19 {[%cal Bf6h5,Bh5g3,Bg3f1][%mdl 32]} 31. Bg5 Bb6+ 32. Be3 Ndf4 (32... Bxe3+ $19 33. Rxe3 Nhf4) 33. Bxb6 $4 {[%mdl 8192]} (33. Nxh5 $15 gxh5 34. Kh1 Bxe3 35. Rxe3 Rxc2 36. Rg3+ Kf8 37. Nf3) 33... Nxg3 {[%cal Rf4e2]} ({Inferior is} 33... R8xb6 34. Nxh5 $1 {[%mdl 512]} gxh5 35. Ref2 $14) 34. Ref2 Nxf1 ({Not} 34... R8xb6 35. Qxg3 Qe7 36. Rxf4 $11) 35. Ng4 {[%cal Bh2g4,Bg4f6,Bf6e8][%mdl 32] [#] And now Nh6+ would win.} Qf8 $2 (35... g5 $1 $19 {[%cal Rg5h4]} 36. Qh6 Qg7) 36. Nf6+ $1 $11 Kg7 $2 {[%mdl 8192]} (36... Kf7 $11 37. Nd7 Qh8 38. Rxf4+ exf4 39. Qxf4+ Ke8 40. Nxb8 Rxb6 41. Bxa4+ Bb5) 37. Rxf4 {[%csl Gf6][%cal Rh4h7]} Qh8 {[#]} 38. Ne8+ $1 {[%mdl 512]} Kg8 {[#]} (38... Rxe8 39. Qf6+) 39. Rf8+ $1 {[%mdl 512] Precision: White = 35%, Black = 62%.} 1-0

[Event "36th Zalakaros Festival 2017"]
[Site "Zalakaros"]
[Date "2017.05.21"]
[Round "4"]
[White "Horvath, Jozsef"]
[Black "Banzea, Alexandru-Bogdan"]
[Result "1-0"]
[WhiteElo "2526"]
[BlackElo "2278"]
[Annotator "TA"]
[PlyCount "47"]
[EventDate "2017.??.??"]
[EventType "swiss"]
[EventCountry "HUN"]
[SourceTitle "playchess.com"]
[Source "ChessBase"]
[SourceQuality "1"]

{[%evp 18,47,47,27,40,38,16,25,95,94,95,95,156,149,139,142,197,195,181,168,199,199,397,407,430,429,431,412,664,546,523,532]} 1. d4 Nf6 2. c4 g6 3. g3 Bg7 4. Bg2 O-O 5. Nc3 d6 6. Nf3 Nc6 7. O-O a6 8. Bf4 h6 {E63: King's Indian: Fianchetto: Panno Variation with 7...a6} 9. h3 {[%cal Bh2h3,Bh3h4][%mdl 32]} g5 (9... Nh5 10. Be3 f5 11. d5 Na5 12. Qd3 c5 13. dxc6 Nxc6 14. c5 dxc5 15. Qc4+ Kh7 16. Bxc5 {1-0 (45) Gagunashvili,M (2569)-Fedoseev,V (2685) Gjakova 2016}) 10. Bd2 {LiveBook: 3 Games} e5 {White has an edge.} 11. d5 Ne7 12. e4 c5 $146 (12... b5 $11) ({Predecessor:} 12... Nd7 13. h4 f6 14. Be3 Qe8 15. Rc1 Qh5 16. b4 {1-0 (31) Smirnov,P (2584)-Torosyan,N (2386) Yerevan 2016}) 13. h4 $16 g4 14. Nh2 h5 {[#]} (14... Ng6 $142) 15. f3 $1 gxf3 16. Bxf3 Qd7 (16... b5 $16) 17. Bxh5 $18 Qh3 18. Kh1 Nxh5 ({Don't blunder} 18... Qxg3 $2 19. Bg5 $18) 19. Qxh5 {And now Bh6 would win.} b5 $2 (19... f6 {might work better.} 20. Na4 Bd7) 20. Rf3 Qd7 21. Raf1 f6 {[#]} 22. Bg5 $1 {[%mdl 512]} f5 (22... Qe8 $142 23. Qxe8 Rxe8) (22... fxg5 23. Rxf8+) 23. Bxe7 Qxe7 24. exf5 {Precision: White = 98%, Black = 42%.} 1-0

[Event "36th Zalakaros Festival 2017"]
[Site "Zalakaros"]
[Date "2017.05.21"]
[Round "4"]
[White "Antal, Gergely"]
[Black "Gupta, Abhijeet"]
[Result "1/2-1/2"]
[WhiteElo "2517"]
[BlackElo "2626"]
[Annotator "TA"]
[PlyCount "53"]
[EventDate "2017.??.??"]
[EventType "swiss"]
[EventCountry "HUN"]
[SourceTitle "playchess.com"]
[Source "ChessBase"]
[SourceQuality "1"]

{[%evp 21,53,0,0,-7,4,-14,-15,-13,-11,-20,3,0,0,-27,-26,-18,-22,-31,-27,-32,-41,-32,-30,-25,-18,-37,-38,-46,0,0,0,0,0,4]} 1. e4 e6 2. d4 d5 3. Nd2 c5 4. exd5 Qxd5 5. Ngf3 cxd4 6. Bc4 Qd8 7. O-O Nc6 8. Nb3 a6 {C07: French Tarrasch: 3...c5, 4 Ngf3 and 4 exd5 Qxd5} 9. Nbxd4 Nxd4 10. Nxd4 Qc7 11. Qe2 (11. Bb3 Bd6 12. Qh5 Nf6 13. Qh4 Bd7 14. Bg5 {½-½ (42) Schroeder,J (2543)-Wojtaszek,R (2745) Sharjah 2017}) 11... Bd6 {LiveBook: 19 Games} 12. Kh1 Ne7 13. a4 $146 ({Predecessor:} 13. Bg5 O-O 14. Rad1 {0-1 (33) Gokerkan,C (2280)-Goryachkina,A (2452) Skopje 2017}) 13... O-O 14. c3 Ng6 ({Reject} 14... Bxh2 $6 15. g3 $16) 15. Bd3 Bc5 16. Be3 e5 17. Nc2 Be6 {[%cal Bc8e6,Be6b3,Bb3c4,Bc4d5,Bd5c6][%mdl 32]} 18. Bxg6 hxg6 19. Bxc5 Qxc5 20. Rfe1 Bb3 21. Ra3 Bc4 22. Qe3 Qc6 23. b3 Bd5 24. f3 Rfe8 25. Nb4 {The position is equal.} Qe6 $1 26. c4 Bc6 27. Raa1 {Precision: White = 43%, Black = 72%.} 1/2-1/2

[Event "36th Zalakaros Festival 2017"]
[Site "Zalakaros"]
[Date "2017.05.21"]
[Round "4"]
[White "Studer, Noel"]
[Black "Rajdeep Sarkar"]
[Result "1/2-1/2"]
[WhiteElo "2498"]
[BlackElo "2312"]
[Annotator "TA"]
[PlyCount "60"]
[EventDate "2017.??.??"]
[EventType "swiss"]
[EventCountry "HUN"]
[SourceTitle "playchess.com"]
[Source "ChessBase"]
[SourceQuality "1"]

{[%evp 19,60,54,63,60,60,60,60,22,21,19,31,27,28,11,23,8,18,9,17,9,12,-5,0,-7,-8,-11,50,-70,-78,-71,-70,-70,-31,-31,-29,-29,-31,-29,-26,-31,0,0,0]} 1. e4 e5 2. Nf3 Nc6 3. Bc4 Nf6 4. d3 Be7 5. O-O O-O 6. Re1 d6 7. a4 h6 8. a5 {C55: Two Knights: 4 d3, 4 d4 exd4 5 e5 and Max Lange Attack} a6 9. h3 Kh8 (9... Nh7 10. Nc3 Ng5 11. Bxg5 Bxg5 12. Nd5 Bf6 13. c3 g6 14. Nxf6+ Qxf6 15. d4 Kg7 {1-0 (43) Malakhov,V (2695)-Wen,Y (2614) China 2016}) 10. Nc3 Nh7 {LiveBook: 6 Games} 11. d4 Ng5 12. Bxg5 Bxg5 13. Nd5 $146 ({Predecessor:} 13. dxe5 Nxe5 14. Nxe5 dxe5 15. Qxd8 Bxd8 {½-½ (33) Yemelin,V (2582)-Nemcova,K (2294) Wroclaw 2009}) 13... exd4 14. Nxd4 Nxd4 15. Qxd4 Be6 16. Ra3 (16. c3 {looks sharper.} Qd7 17. f4 Bh4 18. Re3 Rae8 19. Be2) 16... Rb8 17. b4 Bxd5 18. Qxd5 c6 19. Qd1 Qe7 20. Rg3 Rfe8 {...d5 is the strong threat.} (20... d5 $5 21. exd5 Qxb4 $11) 21. Bd3 d5 22. c3 Rbd8 (22... Qe5 $11) 23. Qc2 ({White should try} 23. e5 $14) 23... Rd6 24. e5 Re6 25. Rf3 Qc7 (25... Bf6 $5) 26. c4 Rxe5 27. Rxe5 Rxe5 28. cxd5 Rxd5 29. Bc4 Rd7 30. g3 Re7 {Precision: White = 37%, Black = 63%.} 1/2-1/2

[Event "36th Zalakaros Festival 2017"]
[Site "Zalakaros"]
[Date "2017.05.21"]
[Round "4"]
[White "Kantor, Gergely"]
[Black "Arman, Deniz"]
[Result "1-0"]
[WhiteElo "2481"]
[BlackElo "2377"]
[Annotator "TA"]
[PlyCount "87"]
[EventDate "2017.??.??"]
[EventType "swiss"]
[EventCountry "HUN"]
[SourceTitle "playchess.com"]
[Source "ChessBase"]
[SourceQuality "1"]

{[%evp 10,87,68,58,78,71,77,52,77,77,80,65,78,78,156,145,193,185,193,187,189,175,187,187,181,179,186,187,296,306,291,295,272,277,358,380,434,312,495,502,453,400,384,400,384,393,365,358,355,342,315,297,402,383,384,344,419,331,604,608,613,608,664,586,837,829,29988,29989,29989,962,29989,5385,29994,846,1156,1156,1300,1283,1217,528]} 1. d4 Nf6 2. c4 d6 3. Nc3 Bf5 4. g3 e5 5. Nf3 (5. d5 Be7 6. Bg2 e4 7. Qc2 O-O 8. Nxe4 Kh8 9. e3 Na6 10. Ne2 Nc5 11. f3 a5 12. Bd2 Bxe4 13. fxe4 {½-½ (65) Kryakvin,D (2547)-Rakhmanov,A (2655) Kolomna 2016}) 5... Nc6 6. Bg2 {LiveBook: 9 Games. A53: Old Indian Defence without Nf3} h6 7. O-O Be7 $146 ({Predecessor:} 7... g6 8. d5 Ne7 9. c5 Bg7 10. e4 Bg4 11. Be3 {½-½ (11) Kallai,G (2440)-Groszpeter,A (2485) Hungary 1991}) 8. Nh4 {White is better.} Bd7 9. d5 Nb8 10. Qc2 Qc8 11. e4 g6 (11... O-O $142) 12. f4 $1 $16 Bh3 {[#]} 13. Nf5 $1 {[%cal Rf5e7]} Bxg2 14. Nxe7 Qh3 15. Qxg2 Qxg2+ 16. Kxg2 Kxe7 17. fxe5 dxe5 18. b3 Nfd7 (18... c5 {was worth a try.} 19. dxc6 Nxc6 20. Ba3+ Ke6) 19. Ba3+ $18 Ke8 20. Nb5 Na6 21. c5 Rd8 22. Rac1 Ndb8 23. d6 Nc6 (23... c6 $142) 24. dxc7 Rd2+ 25. Kg1 Ke7 26. Nd6 Nxc7 27. Rxf7+ Kd8 28. Nxb7+ Kc8 29. Nd6+ Kb8 30. Rf2 Rd3 31. Bb2 Ne6 32. Nf7 Rf8 {and the idea ...Ng5 leaves Black hopeful.} 33. Rcf1 Nxc5 $2 (33... Ng5 34. Nxg5 (34. Nxe5 Nh3+ 35. Kg2 Rxf2+ 36. Rxf2 Nxf2 $14) 34... Rxf2 35. Rxf2 hxg5) 34. Rc2 Nxe4 35. Rxc6 Nd2 36. Rff6 Ne4 37. Bxe5+ Kb7 38. Rc7+ Ka8 39. Rf4 (39. Ra6 $142 Rd1+ 40. Kg2 Rd2+ 41. Kh3 Nf2+ 42. Kh4 Rd4+ 43. Bxd4 Kb8 44. Raxa7) 39... Nd2 40. Kg2 (40. Nd6 $142 Nf3+ 41. Kf2 Re8 42. Nxe8 Rd2+ 43. Kxf3 Rd3+ 44. Ke4 Rd1 45. Rff7) 40... Rd5 41. Rd4 (41. Nd6 $142 Rd8 42. Rff7 Ra5 {[#]} 43. Nb5 $1 {[%mdl 512]} Kb8 44. Rb7+ Ka8 45. Rxa7+ Rxa7 46. Rxa7#) 41... Rxd4 {White is clearly winning.} 42. Bxd4 Re8 43. Nd6 Rd8 44. Rc8+ {Precision: White = 80%, Black = 34%.} 1-0

[Event "36th Zalakaros Festival 2017"]
[Site "Zalakaros"]
[Date "2017.05.21"]
[Round "4"]
[White "Praggnanandhaa R"]
[Black "Vajda, Levente"]
[Result "1-0"]
[WhiteElo "2471"]
[BlackElo "2600"]
[Annotator "TA"]
[PlyCount "87"]
[EventDate "2017.??.??"]
[EventType "swiss"]
[EventCountry "HUN"]
[SourceTitle "playchess.com"]
[Source "ChessBase"]
[SourceQuality "1"]

{[%evp 19,87,0,4,8,19,0,17,0,10,9,25,4,29,37,24,41,120,118,104,99,114,62,77,101,121,102,102,102,102,102,102,102,102,102,110,113,110,107,115,112,121,121,108,108,108,108,118,122,155,147,147,156,141,141,142,135,172,157,197,172,202,204,268,227,274,268,483,474,782,765]} 1. Nf3 Nf6 2. g3 c5 3. Bg2 Nc6 4. d4 cxd4 5. Nxd4 g6 (5... e5 6. Nb5 d5 7. O-O a6 8. N5c3 d4 9. Ne4 Nxe4 10. Bxe4 Bh3 11. Re1 Bc5 12. c3 Qe7 13. cxd4 exd4 14. Bxc6+ bxc6 {1-0 (59) Zhou,J (2616)-Wang,Y (2737) Shenzhen 2016}) 6. O-O {A04: Unusual lines after 1 Nf3 and King's Indian Attack} Bg7 7. Nc3 O-O 8. Re1 d5 9. Nb3 d4 $146 ({Predecessor:} 9... e6 10. e4 d4 11. Ne2 e5 12. Bd2 a5 13. c3 dxc3 14. Nxc3 {1-0 (39) Onischuk,V (2563)-Belyakov,B (2388) Khanty-Mansiysk 2012}) 10. Na4 e5 {LiveBook: 9 Games} 11. c3 Re8 12. cxd4 exd4 13. Nac5 Ng4 14. h3 Nge5 15. e3 Qe7 16. Bd2 $36 {[%mdl 2048] White has some pressure.} d3 17. Rc1 Rd8 ({Black should try} 17... b6 $14) 18. f4 $16 Nd7 19. Nxd3 Nf6 20. Ndc5 (20. Bc3 $16) 20... Rb8 21. Qe2 b6 22. Na6 Bxa6 23. Qxa6 Ne4 24. Bxe4 $1 Qxe4 25. Qc4 Qxc4 26. Rxc4 Ne7 27. Bc3 b5 28. Rc5 Bxc3 29. Rxc3 Nd5 30. Rd3 $1 {aiming for Red1.} Nb4 {[#]} 31. Rxd8+ $1 Rxd8 {[%mdl 4096] Endgame [#] KRN-KRN} 32. a3 $1 {[%cal Ra3b4,Ba2a3,Ba3a4][%mdl 32]} Nc6 33. Kf2 b4 34. a4 Rd3 35. Nc5 Rd2+ 36. Re2 Rd1 37. Rc2 Na5 38. Kf3 Rf1+ 39. Ke4 Ra1 40. g4 h6 41. Ke5 Kg7 42. f5 Nc6+ $2 (42... gxf5 43. gxf5 b3 44. f6+ Kh8) 43. Kd6 $18 Na5 (43... Nb8 $142 44. fxg6 Kxg6) 44. Nd7 {Precision: White = 81%, Black = 30%.} 1-0

[Event "36th Zalakaros Festival 2017"]
[Site "Zalakaros"]
[Date "2017.05.21"]
[Round "4"]
[White "Jarmula, Lukasz"]
[Black "Rudolf, Michal"]
[Result "1/2-1/2"]
[WhiteElo "2469"]
[BlackElo "2340"]
[Annotator "TA"]
[PlyCount "126"]
[EventDate "2017.??.??"]
[EventType "swiss"]
[EventCountry "HUN"]
[SourceTitle "playchess.com"]
[Source "ChessBase"]
[SourceQuality "1"]

{[%evp 20,126,53,50,46,33,47,-26,-22,-26,-27,-27,-18,-18,0,-12,-12,-10,0,0,0,0,0,0,0,0,33,0,18,0,0,-39,0,0,0,0,0,0,0,0,0,0,0,0,0,0,7,-6,76,0,0,0,0,0,0,0,108,50,63,15,14,0,62,57,32,50,32,0,0,0,0,0,0,0,0,0,0,-23,-28,-50,-50,-50,-50,-82,-56,-89,-81,-94,-75,-80,-47,-53,-51,-54,-56,-56,-53,-58,0,-4,0,0,0,0,0,0,0,-4,0]} 1. e4 e6 2. d4 d5 3. Nd2 Nc6 4. Ngf3 Nf6 5. e5 Nd7 6. Nb3 a5 7. a4 b6 8. c3 Be7 {C04: French Tarrasch: 3...Nc6} 9. Be2 Ba6 10. Bxa6 Rxa6 11. O-O {LiveBook: 4 Games} O-O 12. Qe2 $146 ({Predecessor:} 12. Re1 Ncb8 13. g3 c5 14. Be3 Nc6 15. h4 Qc7 16. Qe2 Raa8 17. h5 Rfb8 18. h6 g6 19. Ng5 cxd4 20. cxd4 Nb4 {½-½ (22) Chigaev,M (2455)-Akhmetov,A (2318) Kirishi 2013}) 12... Ra7 13. h4 (13. Ne1 $14) 13... Bxh4 $11 14. g3 Be7 15. Kg2 Re8 16. Rh1 f5 17. exf6 Bxf6 18. Bf4 Nf8 19. Nc1 Ne7 20. Nd3 Neg6 21. Be5 c6 22. Rh5 Qe7 23. Qe3 Rb7 24. Rah1 c5 25. Nf4 ({Of course not} 25. dxc5 Nxe5 26. Nfxe5 bxc5 $17) 25... Nxf4+ 26. Qxf4 Qf7 27. Qe3 cxd4 28. cxd4 Qg6 29. Bxf6 gxf6 30. Rh6 Qg7 31. Qf4 Ng6 32. Qe3 Nf8 33. Nh2 e5 (33... b5 $11) 34. Rh5 ({White should try} 34. Nf3 $16) 34... Ng6 $1 {[%cal Rg6f4] [#] Hoping for ...Nf4+.} 35. Kf1 $36 {[%mdl 2048] Threatening Ng4. White fights for an advantage.} Qd7 36. Qf3 e4 37. Qf5 Qxa4 (37... Qxf5 $11 38. Rxf5 Ne7 39. Rxf6 b5) 38. Qxd5+ (38. Ng4 $16 Qd1+ 39. Kg2 Qf3+ 40. Qxf3 exf3+ 41. Kxf3) 38... Kf8 39. Qd6+ Kg8 40. Qd5+ Kf8 $1 41. Qxb7 Qd1+ 42. Kg2 Qxh5 43. Qxb6 (43. Nf1 {seems wilder.} Qf3+ 44. Kg1 Re7 45. Qc8+ Re8 46. Qc6) 43... Qg5 44. Qc5+ (44. Qd6+ {looks sharper.} Re7 45. Nf1 h5 46. Kg1 h4 47. Rh3) 44... Qxc5 45. dxc5 {[%mdl 4096] Endgame KRN-KRN} Ne5 46. Nf1 Rb8 47. Rxh7 {[#] And now Rh8+ would win.} Rxb2 48. Rh4 Nd3 49. Rxe4 Rxf2+ 50. Kg1 {aiming for Rd4.} Rc2 51. Ne3 Rxc5 (51... Nxc5 {feels hotter.} 52. Rf4 Rc1+ 53. Kg2 Kf7 54. Nd5 Nd7) 52. Rd4 Ne5 53. Rd6 Kf7 54. Ra6 Kg6 55. Kf2 Kg5 56. Ke2 Rb5 57. Ra7 Rb2+ 58. Kf1 Ra2 (58... Rb3 $15 59. Ke2 Rb2+ 60. Kd1 Ra2 61. Rg7+ Kh6 62. Nf5+ Kh5) 59. Rg7+ {The position is equal.} Ng6 60. Nd5 Kh6 61. Ra7 Kg5 62. Rg7 Kh6 63. Ra7 Kg5 {Precision: White = 61%, Black = 52%.} 1/2-1/2

[Event "36th Zalakaros Festival 2017"]
[Site "Zalakaros"]
[Date "2017.05.21"]
[Round "4"]
[White "Bagi, Mate"]
[Black "Cebalo, Miso"]
[Result "1/2-1/2"]
[WhiteElo "2455"]
[BlackElo "2320"]
[Annotator "TA"]
[PlyCount "78"]
[EventDate "2017.??.??"]
[EventType "swiss"]
[EventCountry "HUN"]
[SourceTitle "playchess.com"]
[Source "ChessBase"]
[SourceQuality "1"]

{[%evp 28,78,96,75,77,78,67,58,102,93,146,127,503,503,438,435,551,-8,-9,-8,0,0,0,-80,-68,-68,-68,-68,-68,-68,-73,-71,-68,-68,-68,-84,-69,-68,-62,-69,-69,-69,0,-45,-21,-70,-29,-21,0,0,0,0,0]} 1. e4 c5 2. Nf3 d6 3. d4 cxd4 4. Nxd4 Nf6 5. Nc3 g6 6. Be3 Bg7 7. f3 Nc6 8. Qd2 O-O 9. g4 Be6 10. Nxe6 fxe6 11. O-O-O {B76: Sicilian Dragon: Yugoslav Attack, 9 g4 and 9 0-0-0} Qc8 (11... Ne5 12. Be2 Qa5 13. Kb1 Rac8 14. h4 Nfd7 15. f4 Nc4 16. Bxc4 Rxc4 17. e5 Nb6 18. Bxb6 axb6 19. Qe2 d5 20. f5 Rxc3 21. bxc3 {0-1 (37) Preotu,R (2495)-Jones,G (2665) chess.com INT 2017}) 12. h4 Ne5 13. Be2 Nc4 14. Bxc4 Qxc4 15. Bh6 {LiveBook: 3 Games} b5 16. Bxg7 Kxg7 17. h5 b4 18. hxg6 $1 hxg6 $146 (18... h5 $142) ({Predecessor:} 18... bxc3 19. Qh6+ Kg8 20. g5 Qxa2 21. bxc3 {1-0 (32) Laube,B (2326)-Clowes,M (2358) ICCF email 2007}) 19. e5 $1 $16 bxc3 $4 {[%mdl 8192] [#]} (19... dxe5 $16 {is tougher.} 20. Qh6+ Kf7) 20. Qh6+ $1 $18 Kf7 21. exf6 {Threatening mate with Qg7+.} ({Not} 21. b3 $2 Qc5 $19) 21... Kxf6 {[#] aiming for ...Rh8.} ({Don't play} 21... cxb2+ 22. Kb1 $18) 22. Qh4+ $2 ({Only move:} 22. g5+ $1 $18 Kf7 23. Rh4 Qxa2 24. Rf4+ Ke8 25. Rxf8+ Kd7 26. bxc3 Qa3+ 27. Kd2) 22... Kf7 $11 {Hoping for ...Qf4+.} 23. Qh7+ Ke8 24. Qxg6+ Kd7 {Strongly threatening ...Qf4+.} 25. Qd3 (25. b3 $11 {remains equal.} Qc5 26. Rde1) 25... Qf4+ $17 26. Kb1 {Black must now prevent Qb5+.} Qxf3 27. Qb5+ Qc6 28. Qxc6+ Kxc6 29. bxc3 $15 {[%mdl 4096] Endgame KRR-KRR} Rab8+ 30. Kc1 Rb5 31. Rd4 Rf3 32. Rc4+ Kd7 $1 33. Rg1 Rg5 34. Rg2 Ke8 ({Black should play} 34... Rf1+ $15 35. Kd2 a5) 35. Kd2 Kf7 36. Ke2 Rf6 37. Rh2 Re5+ {The position is equal.} 38. Kd2 Rd5+ 39. Ke2 Re5+ {Precision: White = 62%, Black = 44%.} 1/2-1/2